| 000 | 00539ntaaa2200181 4500 | ||
|---|---|---|---|
| 003 | 01 | ||
| 005 | 20251027201856.0 | ||
| 008 | 0714s1973 ag 01 | ||
| 040 |
_aAR-BaBN _bspa _cAR-BaBN _eaacr _dRIC |
||
| 082 | _a230.1000 M18 | ||
| 100 |
_aMcIntyre, John _917217 |
||
| 245 | _aFrom Rousseau to Ritchl, being the translation of eleven chapters of "Die Protestantische Theologie..." by Karl Barth | ||
| 250 |
_a1 ed. : _bSCM Press, _cc1959 |
||
| 300 | _a435 p. | ||
| 650 | _aTeologĂa | ||
| 700 |
_aMcIntyre, Alasdair _917218 |
||
| 942 | _cBK | ||
| 999 |
_c13426 _d13426 |
||